| 000 | 00484 a2200193 4500 | ||
|---|---|---|---|
| 003 | Nust | ||
| 005 | 20230316093921.0 | ||
| 020 | _a1854971654 | ||
| 040 | _cNust | ||
| 082 | _a428,HAY | ||
| 100 |
_aHaycraft, John _9110353 |
||
| 245 |
_aGetting on in English (Include CD) / _cJohn Haycraft, |
||
| 260 |
_aLondon _bBBC English _c1993 |
||
| 300 | _axii, 340p | ||
| 650 | _aEnglish language | ||
| 651 |
_a(Include CD) _98953 |
||
| 700 |
_aBarnett, Jo _9110354 |
||
| 942 |
_cBK _2ddc |
||
| 999 |
_c175670 _d175670 |
||